Statistics for Survivor Contestants Season 16: Micronesia

Click here to take the quiz!

General Stats

  • This quiz has been taken 151 times
  • The average score is 16 of 20

Answer Stats

FinishContestant% Correct
WinnerParvati Shallow
99%
2ndAmanda Kimmel
97%
3rdCirie Fields
96%
7thJames Clement*
96%
4thNatalie Bolton
96%
9thOscar "Ozzy" Lusth
96%
5thErik Reichenbach
95%
10thEliza Orlins
86%
6thAlexis Jones
84%
8thJason Siska
84%
20thJon "Jonny Fairplay" Dalton
83%
15thJonathan Penner*
81%
14thChet Welch
74%
11thAmi Cusack
71%
13thKathy Sleckman**
70%
18thYau-Man Chan
68%
16thJoel Anderson
65%
19thMary Sartain
65%
17thMichael "Mikey B" Bortone
65%
12thTracy Hughes-Wolf
53%

Score Distribution

Percentile by Number Answered

Percent of People with Each Score

Your Score History

You have not taken this quiz